| 000 | 00743nam a22001337a 4500 | ||
|---|---|---|---|
| 040 | _cRUA | ||
| 082 | _aAVM HIA 2018 B658 Or.1 | ||
| 100 | _aHIAK LISY ហៀក លីស៊ី | ||
| 245 | _acases on fattening pig disease in van kimsn farm at touch village; chhuk district; kampot province ករណីជំងឺជ្រូកសាច់ក្នុងវគ្គលូតលាស់ដល់ពិឃាជនៅកសិដ្ឋាន វណ្ណ គីមសាន ភូមិតូច ស្រុកឈូក ខេត្តកំពក | ||
| 260 |
_arua _bphnom penh _c2018 |
||
| 300 |
_ax;38p _bill; _c29cm |
||
| 856 | _uhttps://drive.google.com/file/d/1G2rECyrndzj572EH5rqavIL626Zvqeax/view?usp=sharing | ||
| 942 | _cAVM | ||
| 999 |
_c18900 _d18900 |
||